| 000 -LEADER |
| fixed length control field |
01055nam a22002417a 4500 |
| 005 - DATE AND TIME OF LATEST TRANSACTION |
| control field |
20190822081322.0 |
| 008 - FIXED-LENGTH DATA ELEMENTS--GENERAL INFORMATION |
| fixed length control field |
190822b ||||| |||| 00| 0 eng d |
| 020 ## - INTERNATIONAL STANDARD BOOK NUMBER |
| International Standard Book Number |
9781250027382 |
| 040 ## - CATALOGING SOURCE |
| Transcribing agency |
KH8 |
| 082 ## - DEWEY DECIMAL CLASSIFICATION NUMBER |
| Classification number |
FIC LAY |
| 100 ## - MAIN ENTRY--PERSONAL NAME |
| Personal name |
Laybourne, Emmy |
| 245 ## - TITLE STATEMENT |
| Title |
Monument 14 / |
| Statement of responsibility, etc. |
Emmy Laybourne |
| 260 ## - PUBLICATION, DISTRIBUTION, ETC. |
| Place of publication, distribution, etc. |
New York : |
| Name of publisher, distributor, etc. |
Feiwel and Friends, |
| Date of publication, distribution, etc. |
©2012. |
| 300 ## - PHYSICAL DESCRIPTION |
| Extent |
344 pages ; |
| Dimensions |
21 cm. |
| 440 ## - SERIES STATEMENT/ADDED ENTRY--TITLE |
| Title |
Monument 14, |
| Number of part/section of a work |
1 |
| 500 ## - GENERAL NOTE |
| General note |
Discussion guide<br/>Bonus short story inside - Cover<br/>Author interview |
| 520 ## - SUMMARY, ETC. |
| Summary, etc. |
Six high school kids, two eighth-graders, and six little kids trapped together in a chain superstore build a refuge for themselves inside. Outside, a series of escalating disasters, beginning with a monster hailstorm and ending with a chemical weapons spill, seem to be tearing the world -- as they know it -- apart. |
| 650 ## - SUBJECT ADDED ENTRY--TOPICAL TERM |
| Topical term or geographic name entry element |
Survival |
| Form subdivision |
Juvenile fiction. |
| 650 ## - SUBJECT ADDED ENTRY--TOPICAL TERM |
| Topical term or geographic name entry element |
Teenagers |
| Form subdivision |
Juvenile fiction. |
| 650 ## - SUBJECT ADDED ENTRY--TOPICAL TERM |
| Topical term or geographic name entry element |
Natural disasters |
| Form subdivision |
Juvenile fiction. |
| 650 ## - SUBJECT ADDED ENTRY--TOPICAL TERM |
| Topical term or geographic name entry element |
Cliques (Sociology) |
| Form subdivision |
Juvenile fiction. |
| 942 ## - ADDED ENTRY ELEMENTS (KOHA) |
| Source of classification or shelving scheme |
|
| Koha item type |
Books - Fiction |